000 00362cam a2200145ua 4500
041 _aeng
_h
082 _a821
_bHOP/PO
100 _ahopins, .
245 _aPoems of general momley hopines /
_cHopins.
_hTextual Documents
260 _aMumbai :
_bOxford & IBH Book Company ,
_c1964.
300 _a307 ; .
504 _a
942 _cBK
999 _c12303
_d12303